Quizzes
Events
Quiz Creation
Community
Videos
Private Events
Remove Ads
Sign In
Join for FREE
Feedback
Dark Mode
Quiz Categories
Sports
Geography
Music
Movies
Television
Just For Fun
Miscellaneous
History
Literature
Language
Science
Gaming
Entertainment
Religion
Holiday
For Kids
Quiz Lab
Recent
Popular Today
Quiz Kudos Today
Editor Picks
Curator Picks
Quizzes by...
Day
Popularity
Type
Ratings
Length
Year
Community
Subscriptions
Recent Discussions
Orange Saloon
Badges
Playlists
Quests
Create
Leaderboards
Showdown
Live 5
Trivia Bingo
Activity
Puzzle Library
Sporcle Events
Private Events
Virtual Trivia
Globe League
Become a Host
Pub Owners
SporcleCon
Opinionation
Our Games
Videos
Blog
Mobile Apps
Partnerships
Remove Ads and Go Orange
Feedback
Sports
Athletes
MLB
NBA
NHL
NFL
Soccer
Sports Teams
WWE
NCAA
Football
Premier League
Basketball
Baseball
Hockey
Golf
Tennis
Cricket
Rugby
Auto Racing
Olympics
World Cup
Sports
Athletes
MLB
NBA
NHL
NFL
Soccer
Sports Teams
WWE
NCAA
Football
Premier League
Basketball
Baseball
Hockey
Golf
Tennis
Cricket
Rugby
Auto Racing
Olympics
World Cup
Random Quiz
Search Sporcle
×
Quiz Lab
Quiz Lab
Sports
100
Type in answers that appear in a list
Type in answers that appear in a list
Classic
Best Score? Go Orange.
Can you name the top 100 players in APG? 2016-17 Season Stats
Can you name the Can you name the top 100 players in APG? 2016-17 Season?
By
russformvp2017
20m
100 Questions
11 Plays
11 Plays
11 Plays
Comments
Comments
Give Quiz Kudos
Give Quiz Kudos
-
- Ratings
hide this ad
Replay
Link that replays current quiz
Next Quiz
Link to next quiz in quiz playlist
You Got
0%
They Got
Avg Score
70%
Avg Friend Score
Upgrade to see
Score Distribution
Jump to the score distribution portion of the page
Score
0/100
Timer
20:00
0
Plays Today
Hint
Answer
% Correct
HOU
James Harden
100%
WSH
John Wall
100%
OKC
Russell Westbrook
100%
CLE
Lebron James
100%
LAC
Chris Paul
90.9%
MIN
Ricky Rubio
90.9%
IND
Jeff Teague
90.9%
NO
Jrue Holiday
90.9%
TOR
Kyle Lowry
90.9%
GS
Draymond Green
90.9%
CHI
Rajon Rondo
90.9%
GS
Steph Curry
90.9%
ORL
Elfrid Payton
90.9%
MEM
Mike Conley
90.9%
PHX
Eric Bledsoe
90.9%
ATL
Dennis Schroder
90.9%
BOS
Isaiah Thomas
90.9%
POR
Damian Lillard
90.9%
MIA
Goran Dragic
90.9%
CLE
Kyrie Irving
90.9%
CHA
Kemba Walker
90.9%
CHI
Dwyane Wade
90.9%
DAL
Seth Curry
90.9%
CHA
Nicolas Batum
81.8%
CLE
Deron Williams
81.8%
CHI
Jimmy Butler
81.8%
MIL
Giannis Antetokounmpo
81.8%
DET
Ish Smith
81.8%
DEN
Nikola Jokic
81.8%
LAL
D'Angelo Russell
81.8%
MEM
Marc Gasol
81.8%
NO
DeMarcus Cousins
81.8%
BOS
Marcus Smart
81.8%
SA
Tony Parker
81.8%
Hint
Answer
% Correct
TOR
DeMar DeRozan
81.8%
ATL
Paul Millsap
81.8%
MIA
James Johnson
81.8%
POR
C.J McCollum
81.8%
SA
Patrick Mills
81.8%
SA
Kawhi Leonard
81.8%
WAS
Bradley Beal
81.8%
GS
Andre Iguodala
81.8%
PHX
Devin Booker
81.8%
MIA
Tyler Johnson
81.8%
HOU
Lou Williams
81.8%
NY
Carmelo Anthony
81.8%
MIN
Karl Anthony Towns
81.8%
OKC
Victor Oladipo
81.8%
SA
Pau Gasol
81.8%
PHI
T.J McConnell
72.7%
DEN
Jameer Nelson
72.7%
BOS
Al Horford
72.7%
WSH
Brandon Jennings
72.7%
LAC
Blake Griffin
72.7%
GS
Kevin Durant
72.7%
SAC
Darren Collison
72.7%
HOU
Patrick Beverley
72.7%
UTA
Gordon Hayward
72.7%
IND
Paul George
72.7%
ORL
Nikola Vucevic
72.7%
GS
Matt Barnes
72.7%
BKN
Brook Lopez
72.7%
NY
Derrick Rose
63.6%
POR
Evan Turner
63.6%
ORL
Evan Fournier
63.6%
LAC
Austin Rivers
63.6%
SA
Manu Ginobili
63.6%
LAC
Jamal Crawford
63.6%
Hint
Answer
% Correct
LAL
Jordan Clarkson
63.6%
MIN
Tyus Jones
63.6%
HOU
Eric Gordon
63.6%
DET
Kentavious Caldwell-Pope
63.6%
MIL
Greg Monroe
63.6%
MIN
Andrew Wiggins
63.6%
SAC
Ty Lawson
54.5%
PHX
Tyler Ulis
54.5%
LAL
Julius Randle
54.5%
DEN
Mason Plumlee
54.5%
TOR
Cory Joseph
54.5%
IND
Monta Ellis
54.5%
UTA
Joe Ingles
54.5%
LAC
Raymond Felton
54.5%
MIN
Kris Dunn
54.5%
NY
Courtney Lee
54.5%
NO
Tim Frazier
45.5%
MIL
Matthew Dellavedova
45.5%
MIL
Malcom Brogdon
45.5%
DAL
Wesley Matthews
45.5%
ATL
Tim Hardaway
45.5%
PHI
Samuel Rodriguez
36.4%
DEN
Will Barton
36.4%
MEM
Andrew Harrison
36.4%
BKN
Isaiah Whitehead
36.4%
ATL
Kent Bazemore
36.4%
UTA
Boris Diaw
36.4%
PHI
Nik Stauskas
27.3%
ORL
D.J Augustin
18.2%
SAC
Garrett Temple
18.2%
ATL
Malcom Delaney
18.2%
BKN
Spencer Dinwiddie
9.1%
Quiz Playlist
Details
Report
Send in Message
Add To Playlist
Classic:
Type in answers that appear in a list
Last Updated: Apr 15, 2017
Quiz Scoreboard
CHALLENGE
Sign Up to Join the Scoreboard
Show All
Scores
Hide
Comments
May contain spoilers
Recently Published
An Introduction to Baseball
by treessimontrees
Sports
5m
Movies - When Are They Set?
by FPL_Elf
Movies
5m
Popular People in 1961
by mucciniale
History
6m
More to Explore
Quiz From the Vault
Featured Blog Post
Where Did the Easter Bunny Come From?
hide this ad
You Might Also Like...
Tags
100
Player
season
Today's Top Quizzes in Sports
Browse Sports
hide this ad
Today's Top Quizzes in 100
Browse 100
Top Contributed Quizzes in Sports
1
Les meilleurs buteurs des matchs entre le PSG et l’OM
2
2022 World Cup Stars
3
FIFA Club World Cup Champions
4
Les entraîneurs de l'OM et du PSG au 21e siècle
5
Name the Premier League winners with different clubs
6
La finale Lions - Afrique du Sud 2021
7
Les joueurs passés par le LOSC et le RC Lens
8
Criteria MLB: Left Handed Sluggers
9
Players with Multiple 50 Home Run Seasons
10
5-to-1: UK Sports Teams
Explore More
Trending Topics
Crossword
Marvel
Kpop
Anime
NBA
Harry Potter
Disney
WWE
Pokémon
Soccer
NFL
The Office
Song
Country
Puzzle
hide this ad
More By:
russformvp2017
Quiz
Plays
Rating
Category
Featured
Created
NBA 2016-17 Season Quiz
988
3.00
Sports
Apr 13, 2017
Can you name the top 100 scorers of the 2016-17 season?
454
3.00
Sports
Apr 14, 2017
Name the Eminem song based off the starting lyrics
87
Music
May 8, 2017
Can you name the top 100 players in APG? 2016-17 Season
11
Sports
Apr 15, 2017
Go to Creator's Profile
Score Distribution
Quiz Creator Spotlight
russformvp2017
Follow
Send a Message
Quizzes Created
-
Created Quiz Play Count
-
More By This Creator
Popular Quizzes Today
1
Find the Countries of Europe - No Outlines Minefield
2
Find the US States - No Outlines Minefield
3
The Countries of the World
4
Popular People in 1961
5
US States
6
Find the US States
7
1-10 Letter E Words III
8
Risky Map Clicking: Biggest States A-Z
More Sports Quizzes
First XI: Leroy Sané
Quiz Lab
Trending Quizzes
Risky Map Clicking: Least Populous States A-Z
1-10 Letter F Words
1-10 Letter G Words
One Thing in Common: United Kingdom
Risky Map Clicking: Next State Alphabetically
Recently Updated
Leaping Animals
pecheneg
Reality TV Shows (A-Z)
bhenderson79
Rickey Henderson's Hall of Fame Teammates
pecheneg
Champions League XIs: Arsenal
pecheneg
Quick Pick: Celebrities in WWE's Hall of Fame
aduchscher
A-Z Keypad Blitz II
pecheneg
Multiple Oscar Actors
pecheneg
Mystery Phrase Blitz: Oscar 'Best Actors'
pecheneg
F. Scott Fitzgerald Novels
LTH
Pick 3 Villains
ddd62291
Trending Topics
Disney
Anime
Crossword
NBA
Kpop
Harry Potter
Marvel
Pokémon
Country
Puzzle
The Office
WWE
NFL
Soccer
Song
Your Account Isn't Verified!
In order to create a playlist on Sporcle, you need to verify the email address you used during registration. Go to your
Sporcle Settings
to finish the process.
Report this User
Report this user for behavior that violates our
Community Guidelines
.
Details:
Send Report
Go to the Sporcle.com Mobile Site →
Comments